00413nam a2200145 a 4500008004100000050001500041100001600056245002300072246004400095260003500139300002000174350000900194650002300203650004100226120416s1963 ||||||||||||||||| || u aQA 564 Bak aBaker, W. M10aAlgebraic geometry aa treatise on analytical conic sections aLondonbG. Bell and Sonsc1963 a(5) xxiii,325p. a0.00 aGeometry,Algebraic 0aMATHEMATICS--HANDBOOKS, MANUALS, ETC